| 000 | 01003nam a22003137a 4500 | ||
|---|---|---|---|
| 003 | CHAP | ||
| 005 | 20220329140638.0 | ||
| 008 | 971013s1975 r 00010 d | ||
| 010 | _a55268 | ||
| 011 | _a56240 | ||
| 035 | _a60393 | ||
| 040 | _cCHAP | ||
| 090 | _aFolleto 3662 | ||
| 100 | 0 | 0 |
_aYépez, Silvio. _9123160 |
| 245 | _aGuía práctica de pastos y forrajes existentes en Cuba | ||
| 260 |
_a(s.l.) : _bDirección General Pecuaria. Depto. de Pastos y Forrajes, _c1975 |
||
| 300 |
_a30 p. _b; láms. |
||
| 590 |
_aBATCH-UPD _b10 _c20130110 _lUCH01 _h0258 |
||
| 590 |
_aBATCH-UPD _b10 _c20130110 _lUCH01 _h1807 |
||
| 590 |
_aBATCH-UPD _b10 _c20130409 _lUCH01 _h2329 |
||
| 590 |
_aBATCH-UPD _b10 _c20130914 _lUCH01 _h1431 |
||
| 590 |
_aCONVERSION _b10 _c20130109 _lUCH01 _h1330 |
||
| 650 | 1 | 4 |
_aForrajes _xCuba. _942565 |
| 650 | 1 | 4 |
_aGramíneas _xClasificación. _950264 |
| 650 | 1 | 4 |
_aPastos _xCuba. _986013 |
| 901 | _aBK | ||
| 942 | _cFOLL | ||
| 949 |
_aFolleto 3662 _bBC _cFOLL _d-130212 _eTS1 _i60393 _mD _si |
||
| 999 |
_c55268 _d55268 |
||